[Event "USCL Week 2"]
[Site "?"]
[Date "2013.09.05"]
[Round "?"]
[White "Molner, Mackenzie"]
[Black "Kraai, Jesse"]
[Result "1/2-1/2"]
[WhiteElo "2592"]
[BlackElo "2567"]
[PlyCount "104"]
[EventDate "2013.??.??"]

1. d4 Nf6 2. c4 e6 3. Nf3 b6 4. g3 Ba6 5. Nbd2 d5 6. Bg2 Be7 7. O-O O-O 8. Ne5
c5 9. dxc5 bxc5 10. b3 Qc7 11. Bb2 Rd8 12. Qc2 Bb7 13. cxd5 exd5 14. e4 d4 15.
Nd3 Na6 16. Rfe1 Rac8 17. Rac1 Qb8 18. Bh3 Rc7 19. a3 Bc8 20. Bxc8 Rcxc8 21. e5
Nd5 22. e6 f6 23. Re4 Qb5 24. Qc4 Qxc4 25. Rxc4 Nb6 26. Rc2 Nc7 27. Nxc5 Nb5
28. b4 Na4 29. Ndb3 d3 30. Rd2 Nxb2 31. Rxb2 Nxa3 32. Rd2 Nb1 33. Rxd3 Rxd3 34.
Nxd3 Nc3 35. Re1 Rb8 36. Nd4 Kf8 37. Nc6 Rb7 38. Ra1 Nb5 39. Nf4 Bd6 40. Nd5
Nc7 41. Rd1 Nxe6 42. Nxf6 Bxb4 43. Nd5 Bc5 44. Rd2 Rd7 45. Ne5 Rd8 46. Rd3 Bd4
47. Nf4 Nxf4 48. gxf4 Bb6 49. Rh3 h6 50. Nc4 Rd4 51. Nxb6 axb6 52. Rb3 Rxf4
1/2-1/2

[Event "USCL Week 2"]
[Site "?"]
[Date "2013.09.05"]
[Round "?"]
[White "Banik, Siddharth"]
[Black "Hu, Bryan"]
[Result "1-0"]
[WhiteElo "2192"]
[BlackElo "2294"]
[PlyCount "51"]
[EventDate "2013.??.??"]

1. e4 e6 2. d4 d5 3. Nc3 Bb4 4. e5 Ne7 5. a3 Bxc3+ 6. bxc3 c5 7. h4 Nbc6 8. h5
Qa5 9. Bd2 Bd7 10. Nf3 O-O-O 11. Rb1 a6 12. Bd3 h6 13. Qc1 f6 14. Qb2 Qc7 15.
exf6 gxf6 16. O-O Rdg8 17. c4 Rg4 18. cxd5 Rhg8 19. Bg6 Nxg6 20. d6 Qxd6 21.
Qxb7+ Kd8 22. Qa8+ Bc8 23. dxc5 Nge5 24. Ba5+ Nxa5 25. cxd6 Rxg2+ 26. Kh1 1-0

[Event "USCL Week 2"]
[Site "?"]
[Date "2013.09.05"]
[Round "?"]
[White "Abrahamyan, Tatev"]
[Black "Sinanan, Joshua"]
[Result "1-0"]
[WhiteElo "2429"]
[BlackElo "2246"]
[PlyCount "87"]
[EventDate "2013.??.??"]

1. e4 c5 2. Nf3 e6 3. d4 cxd4 4. Nxd4 Nc6 5. Nc3 Qc7 6. f4 a6 7. Be2 Nxd4 8.
Qxd4 b5 9. Be3 Bb7 10. O-O-O Rc8 11. a3 Nf6 12. Bf3 Bxa3 13. Rd3 Be7 14. Rd2 b4
15. Na4 O-O 16. Nb6 Rcd8 17. e5 Bxf3 18. gxf3 Nh5 19. Nxd7 b3 20. Rhd1 Qa5 21.
cxb3 Bb4 22. Kb1 Bxd2 23. Rxd2 Qb5 24. Qb6 Rfe8 25. Nf6+ Nxf6 26. Rxd8 Rxd8 27.
Qxd8+ Ne8 28. Bc5 h6 29. Ba3 Kh7 30. Qe7 Kg6 31. h4 Qc6 32. h5+ Kxh5 33. Qxf7+
g6 34. Bf8 Qxf3 35. Qxe8 Qxb3 36. Qd8 Qc4 37. Qd1+ Kh4 38. Bxh6 a5 39. Bg5+ Kg3
40. Qe1+ Kg4 41. Qxa5 Qf1+ 42. Ka2 Qc4+ 43. Ka3 Qd3+ 44. b3 1-0

[Event "USCL Week 2"]
[Site "?"]
[Date "2013.09.05"]
[Round "?"]
[White "Ginsburg, Mark"]
[Black "Liou, Yian"]
[Result "0-1"]
[WhiteElo "2400"]
[BlackElo "2491"]
[PlyCount "164"]
[EventDate "2013.??.??"]

1. e4 c5 2. Nf3 g6 3. c4 Bg7 4. d4 cxd4 5. Nxd4 Nc6 6. Nc2 Nf6 7. Nc3 O-O 8.
Be2 d6 9. O-O Nd7 10. Bd2 Nc5 11. b4 Ne6 12. Rb1 Ned4 13. Nxd4 Nxd4 14. Bd3 Bd7
15. Re1 Rc8 16. a4 Kh8 17. a5 f5 18. exf5 Nxf5 19. Ne4 e6 20. Rc1 b6 21. axb6
axb6 22. Bc3 e5 23. Bf1 Be6 24. c5 d5 25. Ng3 d4 26. Bd2 Nxg3 27. hxg3 bxc5 28.
bxc5 Bd5 29. Qg4 e4 30. Rxe4 Bxe4 31. Qxe4 Qf6 32. f3 Rfe8 33. Qg4 d3 34. Bc3
Qe7 35. Bxg7+ Kxg7 36. Qd4+ Qe5 37. Qxe5+ Rxe5 38. Bxd3 Rexc5 39. Rxc5 Rxc5 40.
Kf2 Kf6 41. g4 Rc3 42. Be4 h6 43. f4 g5 44. fxg5+ Kxg5 45. Bf3 Kf4 46. Ke2 Rc2+
47. Kf1 Rb2 48. Kg1 Kg3 49. Kf1 Rb8 50. Ke1 Re8+ 51. Kf1 Re7 52. Be2 Rc7 53.
Bf3 Rc2 54. Ke1 Rf2 55. Kd1 Kf4 56. Ke1 Ke3 57. Kd1 Ra2 58. Kc1 Kd3 59. Kb1 Ra6
60. Kb2 Rb6+ 61. Kc1 Rb4 62. Bd1 Rc4+ 63. Kb2 Kd2 64. Bf3 Rb4+ 65. Ka3 Kc3 66.
Ka2 Rb6 67. Bd5 Rb5 68. Bf3 Ra5+ 69. Kb1 Ra4 70. Bd1 Ra6 71. Be2 Re6 72. Bf3
Re3 73. Bd5 Re1+ 74. Ka2 Re5 75. Bf3 Rb5 76. Bc6 Rb6 77. Bf3 Kd4 78. Bd1 Ke3
79. Ka3 Kf4 80. Ka2 Kg3 81. Bf3 Rb4 82. Ka3 Rxg4 0-1

[Event "USCL Week 2"]
[Site "?"]
[Date "2013.09.05"]
[Round "?"]
[White "Khachiyan, Melikset"]
[Black "Orlov, Georgi"]
[Result "0-1"]
[WhiteElo "2602"]
[BlackElo "2533"]
[PlyCount "110"]
[EventDate "2013.??.??"]

1. e4 d6 2. d4 Nf6 3. Nc3 g6 4. f4 Bg7 5. Nf3 O-O 6. Bd3 Na6 7. O-O c5 8. d5
Bg4 9. Be3 Rb8 10. h3 Bxf3 11. Rxf3 Nc7 12. a4 a6 13. a5 b5 14. axb6 Rxb6 15.
Ra2 Rb4 16. Nb1 Qb8 17. Bc1 c4 18. c3 cxd3 19. cxb4 Nxe4 20. Rxd3 Qxb4 21. Ra4
Qb6+ 22. Be3 Nc5 23. b4 Nxa4 24. Bxb6 Nxb6 25. Qb3 Nb5 26. Qa2 Ra8 27. Kh2 h5
28. Nd2 h4 29. Nc4 Nd7 30. Qf2 Rc8 31. Ne3 Bf6 32. Ng4 Rc4 33. Qa2 Rxb4 34.
Qxa6 Nc5 35. Nxf6+ exf6 36. Qc8+ Kg7 37. Re3 Ne4 38. Qc1 Ng3 39. Re8 Nc7 40.
Rd8 Nxd5 41. Qc8 Ne7 42. Qc1 d5 43. Rd7 Re4 44. Qb1 Re2 45. Qb4 Ngf5 46. Rd8 d4
47. Qb8 Nh6 48. Rxd4 Nc6 49. Qd6 Nxd4 50. Qxd4 Nf5 51. Qd7 Re1 52. g4 hxg3+ 53.
Kg2 Re2+ 54. Kf1 g2+ 55. Kg1 Ne3 0-1

[Event "USCL Week 2"]
[Site "?"]
[Date "2013.09.05"]
[Round "?"]
[White "Naroditsky, Daniel"]
[Black "Mohandesi, Shahin"]
[Result "1-0"]
[WhiteElo "2570"]
[BlackElo "2389"]
[PlyCount "87"]
[EventDate "2013.??.??"]

1. e4 c5 2. Nf3 e6 3. d4 cxd4 4. Nxd4 a6 5. Bd3 Nf6 6. O-O d6 7. c4 Be7 8. Nc3
O-O 9. Qe2 b6 10. b3 Bb7 11. Bb2 Nbd7 12. Rac1 Re8 13. Kh1 Bf8 14. f4 e5 15.
fxe5 Rxe5 16. Nd5 Re8 17. Qf2 Nc5 18. Bb1 Ncxe4 19. Bxe4 Rxe4 20. Nf5 Bxd5 21.
cxd5 Ng4 22. Qf3 Qe8 23. Ng3 f5 24. Nxe4 Qxe4 25. Qxe4 fxe4 26. Rce1 e3 27. Bd4
Re8 28. h3 Nf6 29. Bxf6 gxf6 30. Rf3 Bh6 31. Rxf6 Bg7 32. Rxd6 Bd4 33. Re6 Rd8
34. Rd1 Bc5 35. b4 Bxb4 36. Rxe3 Bc5 37. Re6 Kf7 38. Rf1+ Kg7 39. Rf5 a5 40. a4
Rb8 41. g4 Rd8 42. Rg5+ Kf7 43. Rf5+ Kg7 44. Kg2 1-0

[Event "USCL Week 2"]
[Site "?"]
[Date "2013.09.05"]
[Round "?"]
[White "Feng, Roland"]
[Black "Zaloznyy, Mike"]
[Result "1/2-1/2"]
[WhiteElo "2268"]
[BlackElo "2243"]
[PlyCount "159"]
[EventDate "2013.??.??"]

1. d4 d5 2. c4 e6 3. Nc3 Be7 4. Nf3 Nf6 5. Bg5 h6 6. Bh4 O-O 7. e3 Ne4 8. Bg3
Nxg3 9. hxg3 c6 10. Qc2 Na6 11. c5 b6 12. Qa4 bxc5 13. Bxa6 Qb6 14. Bxc8 Qxb2
15. O-O Rfxc8 16. Qb3 Rab8 17. Qxb2 Rxb2 18. Na4 Rb5 19. Nxc5 Bxc5 20. dxc5
Rxc5 21. Rfb1 Ra5 22. a4 c5 23. Kf1 Rc6 24. Ne5 Rca6 25. Rb8+ Kh7 26. Nxf7 Rxa4
27. Rxa4 Rxa4 28. Rc8 c4 29. Rc6 Ra1+ 30. Ke2 Ra2+ 31. Kf3 a5 32. Rxe6 a4 33.
Ne5 a3 34. Ra6 c3 35. Nd3 c2 36. Rc6 Rb2 37. Rc3 a2 38. Ra3 d4 39. Ke4 dxe3 40.
fxe3 h5 41. Nc1 Rb1 42. Rxa2 Rxc1 43. Kd3 Rd1+ 44. Kxc2 Rd5 45. Ra4 Rg5 46. g4
Kh6 47. Kd3 hxg4 48. Ke4 g6 49. Kf4 Kh5 50. e4 Rb5 51. Ra3 Rb2 52. e5 Rxg2 53.
e6 g5+ 54. Ke5 Re2+ 55. Kf6 Kh4 56. Ra4 Kh3 57. Ra5 Kh4 58. Ra4 Rf2+ 59. Kg6
Re2 60. Kf7 Kh3 61. Ra3+ g3 62. e7 Kh2 63. Ra2 Rf2+ 64. Kg6 Rxa2 65. e8=Q g2
66. Qe5+ Kh1 67. Qh8+ Kg1 68. Kxg5 Kf1 69. Qh3 Rf2 70. Kg4 Re2 71. Qf3+ Ke1 72.
Qc3+ Kf1 73. Qf3+ Ke1 74. Qg3+ Kf1 75. Qf4+ Ke1 76. Qc1+ Kf2 77. Qc5+ Kf1 78.
Kf3 g1=N+ 79. Qxg1+ Kxg1 80. Kxe2 1/2-1/2